| Tag |
First Indicator |
Second Indicator |
Subfields |
| LEADER |
00000cam a2200000 a 4500 |
| 001 |
in00000683821 |
| 005 |
20151016050458.0 |
| 008 |
801117s1973 ii a b 10110 eng d |
| 035 |
|
|
|a (OCoLC)06946476
|
| 035 |
|
|
|9 ADA4536AM
|
| 040 |
|
|
|a AGL
|c AGL
|d TXA
|d UtOrBLW
|
| 049 |
|
|
|a TXAM
|c [1659292]
|
| 070 |
|
|
|a S589.5.S9
|b 1973
|
| 072 |
|
0 |
|a X500
|
| 090 |
|
|
|a S589.5
|b .S85 1973
|
| 111 |
2 |
|
|a Symposium on the Use of Isotopes and Radiation in Agriculture, Biology, and Animal Sciences
|d (1973 :
|c Punjab University)
|
| 245 |
1 |
0 |
|a Proceedings of the Symposium on the Use of Isotopes and Radiations in Agriculture, Biology, and Animal Sciences, January 1-2, 1973 /
|c under the auspices of Indian Society for Nuclear Techniques in Agriculture and Biology, Indian Council of Agricultural Research, Food and Agriculture Committee of the Department of Atomic Energy, Government of India.
|
| 264 |
|
1 |
|a [New Delhi] :
|b Indian Society for Nuclear Techniques in Agriculture and Biology,
|c [1973?]
|
| 300 |
|
|
|a 150 pages :
|b illustrations ;
|c 29 cm.
|
| 336 |
|
|
|a text
|b txt
|2 rdacontent
|
| 337 |
|
|
|a unmediated
|b n
|2 rdamedia
|
| 338 |
|
|
|a volume
|b nc
|2 rdacarrier
|
| 504 |
|
|
|a Includes bibliographical references and index.
|
| 650 |
|
0 |
|a Radioisotopes in agriculture
|x Congresses.
|
| 650 |
|
0 |
|a Plants
|x Effect of radiation on.
|
| 999 |
|
|
|a MARS
|
| 999 |
f |
f |
|s efbee72b-e7c5-3c60-b437-c1ae8a0844cb
|i ed3952b2-36dc-3f04-bff0-fd6608cd4903
|t 0
|
| 952 |
f |
f |
|p ric
|a Texas A&M University
|b Rellis Campus
|c Joint Library Facility
|d Remote Storage
|t 0
|e S589.5 .S85 1973
|h Library of Congress classification
|i unmediated -- volume
|m A14808064445
|
| 952 |
f |
f |
|p normal
|a Texas A&M University
|b College Station
|c Sterling C. Evans Library
|d Evans: Library Stacks
|t 0
|e S589.5 .S85 1973
|h Library of Congress classification
|i unmediated -- volume
|m A14804348211
|
| 998 |
f |
f |
|a S589.5 .S85 1973
|t 0
|l Evans: Library Stacks
|
| 998 |
f |
f |
|a S589.5 .S85 1973
|t 0
|l Remote Storage
|